| 000 | 01289nam0a22003131 4500 | ||
|---|---|---|---|
| 001 | rc\4145431 | ||
| 005 | 20130415182451.6 | ||
| 021 |
_aRU _b[47-11925] |
||
| 035 | _a(NLR Aleph) 008166256 | ||
| 090 |
_a7825921 _c7825921 |
||
| 100 | _a20130415d1947 |||y0rusy50 ca | ||
| 101 | 0 | _arus | |
| 102 | _aRU | ||
| 105 | _aa z ||||| | ||
| 200 | 1 |
_aМысли о режиссуре _fРед. и вступ. статья ["В.Г. Сахновский (1886-1945)" с. 3-40]. Н.М. Горчакова |
|
| 210 |
_aМосква _aЛенинград _cИскусство _d1947 _gТип. "Кр. печатник" в М. |
||
| 215 |
_a172 с., 11 л. ил. _d19 |
||
| 300 | _aПеред загл. авт.: В.Г. Сахновский | ||
| 320 | _aБиблиогр.: "Книги и статьи В.Г. Сахновского": с. 167-71 | ||
| 606 |
_aТеатроведы русские _2psbo |
||
| 606 |
_aРежиссура _2psbo |
||
| 606 |
_aРежиссеры русские _2psbo |
||
| 700 | 1 |
_aСахновский _bВ. Г. _f1886-1945 _gВасилий Григорьевич |
|
| 702 | 1 |
_aГорчаков _bН. М. _gНиколай Михайлович _4340 _4080 |
|
| 801 | 0 |
_aRU _bNLR _gpsbo |
|
| 801 | 1 |
_aRU _bELAR _2rusmarc |
|
| 852 |
_aNLR _jИс70 Г-3/37 |
||
| 942 | _cBOOK | ||
| 980 | _aNB | ||